Terror en Winnipeg / (Registro nro. 12087)

Detalles MARC
000 -LEADER
fixed length control field 00996nam a22003137a 4500
001 - CONTROL NUMBER
control field 000739
003 - CONTROL NUMBER IDENTIFIER
control field DO-SdBNP
005 - DATE AND TIME OF LATEST TRANSACTION
control field 20161124100323.0
007 - PHYSICAL DESCRIPTION FIXED FIELD--GENERAL INFORMATION
fixed length control field 000739
008 - FIXED-LENGTH DATA ELEMENTS--GENERAL INFORMATION
fixed length control field 161124b 1992 sp a ||||| |||| 00| 0 spa d
020 ## - INTERNATIONAL STANDARD BOOK NUMBER
International Standard Book Number 8434811375
040 ## - CATALOGING SOURCE
Original cataloging agency BPMSU
Language of cataloging spa
Transcribing agency BPMSU
082 ## - DEWEY DECIMAL CLASSIFICATION NUMBER
Classification number xxxx
Item number xxxx
240 1# - UNIFORM TITLE
Uniform title <a href="Terror in Winnipeg.">Terror in Winnipeg.</a>
Language of a work Español
245 10 - TITLE STATEMENT
Title Terror en Winnipeg /
Statement of responsibility, etc. Eric Wilson ; traducción, Pedro Barbadillo ; ilustraciones, Gawin Rowe.
250 ## - EDITION STATEMENT
Edition statement 12ª ed.
260 ## - PUBLICATION, DISTRIBUTION, ETC. (IMPRINT)
Place of publication, distribution, etc. Madrid :
Name of publisher, distributor, etc. SM,
Date of publication, distribution, etc. 1992.
300 ## - PHYSICAL DESCRIPTION
Extent 162 p. :
Other physical details il. ;
Dimensions 19 cm.
490 1# - SERIES STATEMENT
Series statement El barco de vapor. Serie naranja
Volume/sequential designation 37
490 1# - SERIES STATEMENT
Series statement El barco de vapor
Volume/sequential designation 16
500 ## - GENERAL NOTE
General note Apartir de 9 años
501 ## - WITH NOTE
With note Incluye datos del autor
700 12 - ADDED ENTRY--PERSONAL NAME
Personal name Rowe, Gawin,
Relator term il.
700 12 - ADDED ENTRY--PERSONAL NAME
Personal name Barbadillo, Pedro (Barbadillo Gómez)
Relator term tr.
830 #0 - SERIES ADDED ENTRY--UNIFORM TITLE
Uniform title El barco de vapor. Serie naranja ;
Volume number/sequential designation 37
830 #0 - SERIES ADDED ENTRY--UNIFORM TITLE
Uniform title El barco de vapor ;
Volume number/sequential designation 16
942 ## - ADDED ENTRY ELEMENTS (KOHA)
Source of classification or shelving scheme Dewey Decimal Classification
Koha item type Libros
956 ## - LOCAL ELECTRONIC LOCATION AND ACCESS (OCLC)
Access method LOPEREZ
Materials specified 10
Linkage 20161124
Field link and sequence number BPMSU
Host name 00041
Existencias
Withdrawn status Lost status Source of classification or shelving scheme Damaged status Not for loan Collection code Home library Current library Date acquired Source of acquisition Total Checkouts Full call number Barcode Date last seen Price effective from Koha item type
    Dewey Decimal Classification     Colección Infantil General Biblioteca Pública Metropolitana Salomé Ureña Biblioteca Pública Metropolitana Salomé Ureña 11/24/2016 Donación   xxxx xxxx BPMSU16111537 11/24/2016 11/24/2016 Libros